01197 2200217 4500001002100000005001500021035002000036001002100056005001500077035002000092245012300112100003100235250001700266300003100283260004000314082001200354084001800366020002200384650001900406520055400425INLIS00000000000019520240516080857 a0010-0524000117INLIS00000000000019220240512094808 a0010-05240001141 aKisah Teladan Utusan Allah :bNabi Ayyub A.S. Yang Sabar, Nabi Yunus A.S. Dan Perut Paus /cNurcahyawati Windri Astuti0 aNurcahyawati Windri Astuti acetakan ke-1 av, 76 hlm :bilus ;c21 cm aJakarta :bUranus Publishing,c2011 a297.246 a297.246 NUR k a978-602-8637-13-8 4aNabi dan Rasul aMengambil hikmah dari kisah Nabi ayyub a.s. dan Nabi Yunus a.s, itulah yang dilakukan oleh Rara dan Romi. Bersama kakek Ahmad yang bijaksana, Rara dan Romi belajar keteladanan dari mereka. Kisah jenaka Rara dan Romi menjadi pengantar sebelum kalian membaca Kisah Nabi Ayyub a.s. dan Nabi Yunus a.s. Dari Nabi Ayyub a.s. kalian dapat meneladani sikapnya yang senantiasa sabar sekalipun Allah mengujinya dengan berbagai cobaan. Sementara, dari Nabi Yunus a.s. dapat meneladani sikapnya yang segera bertobat kepada Allah begitu menyadari kesalahannya.